| 000 | 00415nam a2200169Ia 4500 | ||
|---|---|---|---|
| 008 | 180207s9999 xx 000 0 und d | ||
| 020 | _a9780810993464 | ||
| 050 | _bK591 2007 | ||
| 100 | _aKirk, Daniel. | ||
| 245 | _aLibrary mouse / | ||
| 245 | _cDaniel Kirk. | ||
| 260 | _aNew York : | ||
| 260 | _bAdams Books for Young Readers, | ||
| 260 | _c2007 | ||
| 300 | _aunpaged : | ||
| 300 | _bcolor illustration ; | ||
| 999 |
_c355060 _d355060 |
||